000
00261nam a2200109Ia 4500
008
140130s9999 xx 000 0 und d
245
_c
Berger, Melvin
_a
Chomp (a book about shark)
260
_b
Scholastic,
_c
1999
440
_v
1
942
_c
BK
999
_c
41629
_d
41629